[Event "Druzynowe Mistrzostwa Polski - II liga"]
[Site "Dom Wczasowy VIS Jastrzebia Gora"]
[Date "1899-12-30"]
[Round "4.82"]
[White "Wozniak, Marcin"]
[Black "Kasperkiewicz, Pawel"]
[Result "1-0"]
[WhiteTitle "I++"]
[BlackTitle "k"]
[WhiteElo "1821"]
[BlackElo "1884"]

1. e4 e6 2. d4 d5 3. Bd3 dxe4 4. Bxe4 Nf6 5. Bf3 Nc6 6. Ne2 e5 7. Bxc6+ bxc6 8.
O-O e4 9. Nbc3 Bd6 10. Ng3 Bg4 11. Qd2 Bxg3 12. hxg3 O-O 13. Re1 Re8 14. Na4 Qd5
15. c3 h6 16. Nc5 Qh5 17. Qf4 Nd5 18. Qd2 Nf6 19. Qf4 Nd5 20. Qd2 Qg6 21. c4 Nf6
22. Qf4 Qh5 23. Nxe4 Nxe4 24. Rxe4 Rxe4 25. Qxe4 Bf5 26. Qf3 Qg6 27. Be3 Re8 28.
Qf4 Re7 29. Rc1 Bb1 30. a3 Bd3 31. d5 a6 32. Qd4 Qe4 33. Rc3 Bb1 34. Qxe4 Bxe4
35. Bc5 Re8 36. Re3 f6 37. f3 Bg6 38. dxc6 Rxe3 39. Bxe3 Bf7 40. c5 Bd5 41. Bf4
Bxc6 42. Bxc7 Kf7 43. Kf2 Ke6 44. Bd6 h5 45. Ke3 Kd5 46. Bf8 g6 47. Be7 Bb5 48.
b4 Ke6 49. Bd8 Ke5 50. Bc7+ Kd5 51. Bd8 Ke5 52. Bc7+ Kd5 53. Bb6 Bf1 54. Kf2 Bb5
55. Bd8 Ke5 56. Ke3 Bc6 57. Kd3 Bb5+ 58. Kc3 Bf1 59. c6 Kd6 60. c7 Kd7 61. a4
Bxg2 62. f4 Bc6 63. b5 axb5 64. a5 Kc8 65. Kb4 Kb7 66. a6+ Kc8 67. Kc5 Bd7 68.
Kb6 Bf5 69. Kxb5 Bd3+ 70. Kb6 Be4 71. Bxf6 Bf5 72. Be5 Be4 73. Bd6 Bd3 74. Bb4
Be4 75. Ba5 Bf3 76. Kc5 Bg4 77. Kd6 Bf5 78. Bb6 Be4 79. Ke5 Bf5 80. Kf6 Be4 81.
Ke7 Bf5 82. Kf6 Be4 83. a7 Kb7 1-0

[Event "Druzynowe Mistrzostwa Polski - II liga"]
[Site "Dom Wczasowy VIS Jastrzebia Gora"]
[Date "1899-12-30"]
[Round "4.83"]
[White "Bednarska-bzdega, Malgorzata"]
[Black "Trybowska, Barbara"]
[Result "1/2-1/2"]
[WhiteTitle "WFM"]
[BlackTitle "I++"]
[WhiteElo "1909"]
[BlackElo "1848"]

1. e4 e6 2. d4 d5 3. exd5 exd5 4. Nf3 Bd6 5. c4 c6 6. c5 Bc7 7. Bd3 Bg4 8. h3 Bxf3
9. Qxf3 Qf6 10. Qg4 Qe6+ 11. Be3 Nf6 12. Qxg7 Rg8 13. Qh6 Rxg2 14. Nd2 Nbd7 15.
O-O-O O-O-O 16. Rde1 Re8 17. Nf3 Ne4 18. Qxe6 Rxe6 19. Bxe4 Rxe4 20. Rhg1 Rxg1
21. Rxg1 b6 22. cxb6 axb6 23. Rg7 f5 24. Ng5 Re8 25. Nxh7 f4 26. Bd2 Re2 27. f3
c5 28. Rg8+ Kb7 29. Rg7 Kc6 30. h4 cxd4 1/2-1/2

[Event "Druzynowe Mistrzostwa Polski - II liga"]
[Site "Dom Wczasowy VIS Jastrzebia Gora"]
[Date "1899-12-30"]
[Round "4.84"]
[White "Cichy, Kamil"]
[Black "Kaczmarek, Aleksander"]
[Result "1/2-1/2"]
[WhiteTitle "k+"]
[BlackTitle "FM"]
[WhiteElo "2195"]
[BlackElo "2323"]

1. c4 f5 2. Nc3 Nf6 3. g3 g6 4. Bg2 Bg7 5. d3 d6 6. e4 Nc6 7. Nge2 fxe4 8. dxe4
e5 9. O-O O-O 10. h3 Be6 11. Nd5 Qd7 12. Kh2 Nd4 13. Nxd4 exd4 14. Qd3 Bxd5 15.
cxd5 c5 16. dxc6 bxc6 17. b3 Rac8 18. f4 c5 19. Bd2 Rfe8 20. Rae1 Kh8 21. Bf3
Qc7 22. Qc4 Nd7 23. Rc1 Nb6 24. Qd3 Qf7 25. Bg4 Rc7 26. f5 Be5 27. fxg6 Qxg6 28.
Rf5 Rg8 29. Bf4 Nd7 30. Bh5 Bxf4 31. Bxg6 Bxc1 32. Bh5 Ne5 33. Qf1 Be3 34. Be2
Rcg7 35. g4 Rg6 36. Bc4 Nxc4 37. Qxc4 a5 38. Qd5 Re8 39. Kg2 Rge6 40. Kf3 Bh6
41. g5 Bg7 42. h4 h6 43. Rf7 Kg8 44. g6 Rxg6 45. Re7+ 1/2-1/2

[Event "Druzynowe Mistrzostwa Polski - II liga"]
[Site "Dom Wczasowy VIS Jastrzebia Gora"]
[Date "1899-12-30"]
[Round "4.85"]
[White "Kolodziejski, Piotr"]
[Black "Miszczak, Dariusz"]
[Result "1-0"]
[WhiteTitle "k"]
[BlackTitle "I+"]
[WhiteElo "2057"]
[BlackElo "1998"]

1. e4 d6 2. d4 g6 3. Nc3 Bg7 4. Be3 c6 5. Qd2 b5 6. O-O-O a5 7. f3 Ba6 8. h4 h5
9. Nh3 b4 10. Ne2 Nd7 11. Nf2 Qc7 12. g4 Nb6 13. Ng3 Bxf1 14. Nxf1 Nf6 15. Kb1
Nfd7 16. Ng3 c5 17. Qe2 hxg4 18. Nxg4 cxd4 19. Bxd4 Bxd4 20. Rxd4 Nc5 21. h5 gxh5
22. Rxh5 O-O-O 23. Qh2 Rxh5 24. Qxh5 e6 25. Nf1 e5 26. Rd1 Nca4 27. Nfe3 Nc4 28.
Nxc4 Qxc4 29. Qh2 Nc3+ 30. bxc3 bxc3 31. Ka1 Kc7 32. Ne3 Qc5 33. Nd5+ Kb8 34.
Qe2 Ka7 35. Qe3 1-0

[Event "Druzynowe Mistrzostwa Polski - II liga"]
[Site "Dom Wczasowy VIS Jastrzebia Gora"]
[Date "1899-12-30"]
[Round "4.87"]
[White "Komendecki, Jacek"]
[Black "Malik, Maciej"]
[Result "0-1"]
[WhiteTitle "k"]
[BlackTitle "I++"]
[WhiteElo "1977"]
[BlackElo "1961"]

1. e4 c5 2. Nf3 Nc6 3. Bb5 e6 4. O-O Nge7 5. c3 d5 6. exd5 Qxd5 7. d4 cxd4 8. Nxd4
Bd7 9. Be3 Nxd4 10. Bxd7+ Qxd7 11. Bxd4 Nc6 12. Be3 Qxd1 13. Rxd1 Rd8 14. Nd2
Be7 15. a4 O-O 16. Nc4 Rxd1+ 17. Rxd1 Rd8 18. Rxd8+ Bxd8 19. b4 b6 20. a5 bxa5
21. b5 Ne7 22. Bxa7 Nd5 23. b6 Bxb6 24. Bxb6 Nxc3 25. Bxa5 Nd5 26. Ne3 Ne7 27.
Kf1 f6 28. Ke2 Kf7 29. Bb4 Nc6 30. Bc3 e5 31. Kd3 Ke6 32. Kc4 Ne7 33. g3 h5 34.
Bb4 Nc6 35. Bc5 e4 36. Bd4 g5 37. Bc3 Ne7 38. Nc2 Kf5 39. h3 h4 40. Nd4+ Kg6 41.
g4 f5 42. gxf5+ Nxf5 43. Kd5 e3 44. f3 Ng3 45. Be1 Nh5 46. Ke4 Nf4 47. Bxh4 Nxh3
48. Bg3 Nf2+ 49. Kxe3 Nd1+ 50. Kd3 Nb2+ 51. Ke4 Nc4 52. Be1 Nd6+ 53. Kd5 Nf7 54.
Bd2 Nh6 55. Ke6 Kh5 56. Nf5 Ng4 57. Ng3+ Kh4 58. Be1 Kh3 59. Nf1 Nh6 60. Ne3 g4
61. f4 g3 62. Kf6 g2 63. Bf2 Kh2 64. Kg6 Ng8 65. Nd5 g1=Q+ 66. Bxg1+ Kxg1 67.
Kg7 Kg2 68. Kxg8 0-1

[Event "Druzynowe Mistrzostwa Polski - II liga"]
[Site "Dom Wczasowy VIS Jastrzebia Gora"]
[Date "1899-12-30"]
[Round "4.88"]
[White "Kotula, Pawel"]
[Black "Komendecki, Antoni"]
[Result "1/2-1/2"]
[WhiteTitle "I"]
[BlackTitle "I++"]
[WhiteElo "1740"]
[BlackElo "1768"]

1. Nf3 Nf6 2. g3 d5 3. Bg2 c6 4. O-O Bf5 5. d3 h6 6. b3 e6 7. Bb2 Be7 8. Nbd2 O-O
9. c4 Bh7 10. Rc1 a5 11. a3 Na6 12. Ne5 Qb6 13. d4 Rfd8 14. c5 Qc7 15. Qe1 Nb8
16. f3 Nbd7 17. Nxd7 Nxd7 18. e4 Bf6 19. e5 Be7 20. Qe3 b6 21. b4 axb4 22. axb4
bxc5 23. bxc5 Qb7 24. Bc3 Ra3 25. Ra1 Rda8 26. Rxa3 Rxa3 27. Rc1 Qa7 28. Qe1 Nxc5
29. Bf1 Nd3 30. Bxd3 Bxd3 31. Ra1 c5 32. Rxa3 Qxa3 33. Qa1 Qxa1+ 34. Bxa1 c4 35.
Bc3 Kf8 36. Kf2 Ke8 37. f4 Kd7 38. Nf3 Kc6 39. Ke1 Kb5 40. Ng1 Ka4 41. Nh3 Kb3
42. Kd2 Ba3 43. Ba5 Bb2 44. Nf2 Bc2 45. Ke3 c3 46. Ke2 Bb1 1/2-1/2

[Event "Druzynowe Mistrzostwa Polski - II liga"]
[Site "Dom Wczasowy VIS Jastrzebia Gora"]
[Date "1899-12-30"]
[Round "4.89"]
[White "Dmochowska, Agnieszka"]
[Black "Buchta, Agnieszka"]
[Result "1-0"]
[WhiteTitle "WFM"]
[BlackTitle "k"]
[WhiteElo "1967"]
[BlackElo "1893"]

1. e4 c5 2. Nf3 d6 3. d4 cxd4 4. Nxd4 Nf6 5. Nc3 a6 6. a4 e5 7. Nf3 Be7 8. Bg5
Be6 9. Bxf6 Bxf6 10. Nd5 Nd7 11. Nxf6+ Nxf6 12. Bd3 d5 13. Qe2 d4 14. Qd2 Nd7
15. Qb4 Qc7 16. O-O f6 17. Nd2 Qb6 18. Qa3 Qc5 19. b4 Qe7 20. Rfb1 O-O 21. c4
dxc3 22. Qxc3 Rfc8 23. Qb2 Qd6 24. Bf1 Rc7 25. Rc1 Rac8 26. Rxc7 Qxc7 27. a5 Qc2
28. Rb1 Ba2 29. Qxc2 Rxc2 30. Rd1 Nf8 31. b5 axb5 32. Bxb5 Ne6 33. Bd3 Rc3 34.
Be2 Nd4 35. Bf1 Kf8 36. a6 bxa6 1-0

[Event "Druzynowe Mistrzostwa Polski - II liga"]
[Site "Dom Wczasowy VIS Jastrzebia Gora"]
[Date "1899-12-30"]
[Round "4.92"]
[White "Sielicki, Tomasz"]
[Black "Kowalec, Maciej"]
[Result "0-1"]
[WhiteTitle "I++"]
[BlackTitle "k"]
[WhiteElo "1965"]
[BlackElo "2098"]

1. d4 d5 2. Bf4 c5 3. e3 Nc6 4. Nc3 a6 5. Nf3 Nf6 6. Ne5 cxd4 7. Nxc6 bxc6 8. Qxd4
c5 9. Qd2 e6 10. Be2 Bd6 11. O-O Bxf4 12. exf4 Rb8 13. b3 O-O 14. Rad1 Bb7 15.
Bf3 Qc7 16. Rfe1 h6 17. g3 d4 18. Ne4 Nd5 19. Qd3 Nb4 20. Qc4 Bd5 21. Qe2 f5 22.
Nd2 Nxc2 23. Bxd5 exd5 24. Qe6+ Qf7 25. Qxf7+ Rxf7 26. Re5 Nb4 27. a3 Na2 28.
Rde1 Nc3 29. f3 a5 30. a4 c4 31. bxc4 Rb2 32. Nf1 dxc4 33. Rxa5 d3 34. Re8+ Kh7
35. Rc8 Ne2+ 36. Kh1 c3 37. Ne3 c2 38. Rac5 Rb1+ 39. Kg2 c1=Q 40. Rxc1 Rxc1 0-1

[Event "Druzynowe Mistrzostwa Polski - II liga"]
[Site "Dom Wczasowy VIS Jastrzebia Gora"]
[Date "1899-12-30"]
[Round "4.93"]
[White "Fronczak, Sebastian"]
[Black "Pajak, Jakub"]
[Result "1-0"]
[WhiteTitle "I"]
[BlackTitle "I++"]
[WhiteElo "1936"]
[BlackElo "1896"]

1. e4 c5 2. Nf3 Nc6 3. d4 cxd4 4. Nxd4 e6 5. g3 Qc7 6. Nc3 a6 7. Bg2 h5 8. Nxc6
Qxc6 9. O-O d6 10. Re1 Be7 11. a4 Rb8 12. h4 b6 13. Be3 Bb7 14. Ra3 Nf6 15. Rb3
Nd7 16. Bf3 Bf6 17. Bf4 Be5 18. Bxe5 Nxe5 19. Bxh5 Qc5 20. Na2 Qa5 21. Rc3 Nc6
22. Bf3 Qxa4 23. Ra3 Qb5 24. Qxd6 Rd8 25. Qf4 Qxb2 26. Qc1 Qxc1 27. Nxc1 Nd4 28.
Bd1 Ke7 29. f3 Rc8 30. Nd3 a5 31. Ra2 Ba6 32. Rb2 Rb8 33. c3 Nxf3+ 34. Bxf3 Bxd3
35. Kf2 Rhc8 36. Rc1 Bc4 37. Be2 b5 38. Bxc4 Rxc4 39. Rcb1 Rc5 40. Ra1 b4 41.
cxb4 Rxb4 42. Rxb4 axb4 43. Ra7+ Kf6 44. Rb7 Rc4 45. e5+ Kxe5 46. Rxf7 b3 47.
Rb7 Rc2+ 48. Ke3 Rc3+ 49. Kf2 Ke4 50. g4 Rc2+ 51. Kg3 Rc3+ 52. Kg2 Rc2+ 53. Kg3
b2 54. h5 Kd3 55. g5 Kd2 56. h6 gxh6 57. gxh6 Rc3+ 58. Kf4 Kc2 59. h7 Rc8 60.
Kg4 1-0

[Event "Druzynowe Mistrzostwa Polski - II liga"]
[Site "Dom Wczasowy VIS Jastrzebia Gora"]
[Date "1899-12-30"]
[Round "4.94"]
[White "Koziol, Pawel"]
[Black "Basiaga, Sebastian"]
[Result "0-1"]
[WhiteTitle "I++"]
[BlackTitle "I"]
[WhiteElo "1732"]
[BlackElo "1826"]

1. e4 c5 2. Nf3 d6 3. d4 cxd4 4. Nxd4 Nf6 5. Nc3 a6 6. Be2 e5 7. Nb3 Be7 8. O-O
Be6 9. Be3 d5 10. exd5 Nxd5 11. Nxd5 Bxd5 12. c4 Bc6 13. Qxd8+ Bxd8 14. f4 exf4
15. Bxf4 O-O 16. Rad1 Bf6 17. Nd4 Rd8 18. Nf5 Nd7 19. b3 Nc5 20. Bd6 Ne4 21. Bf3
g6 22. Bxe4 Bxe4 23. Ng3 Bc2 24. Rd5 Bh4 25. Bc7 Rf8 26. Rc1 Bxg3 27. Bxg3 Be4
28. Rd4 Bc6 29. Rcd1 Rfe8 30. R1d2 0-1

[Event "Druzynowe Mistrzostwa Polski - II liga"]
[Site "Dom Wczasowy VIS Jastrzebia Gora"]
[Date "1899-12-30"]
[Round "4.95"]
[White "Rudnik, Anna"]
[Black "Bartczak, Hanna"]
[Result "1/2-1/2"]
[WhiteTitle "I++"]
[BlackTitle "I++"]
[WhiteElo "1823"]
[BlackElo "1501"]

1. d4 Nf6 2. c4 d6 3. Nc3 e5 4. e4 Nbd7 5. Nf3 g6 6. Be2 Bg7 7. O-O O-O 8. d5 Nc5
9. Qc2 a5 10. Be3 Ne8 11. a3 f5 12. b4 axb4 13. axb4 Rxa1 14. Rxa1 Nxe4 15. Nxe4
fxe4 16. Nd2 Nf6 17. Ra8 b6 18. Nxe4 Nxe4 19. Qxe4 Bf5 20. Rxd8 Bxe4 21. Bg5 b5
22. f3 Bc2 1/2-1/2

[Event "Druzynowe Mistrzostwa Polski - II liga"]
[Site "Dom Wczasowy VIS Jastrzebia Gora"]
[Date "1899-12-30"]
[Round "4.96"]
[White "Nowak, Kamil"]
[Black "Sliwicki, Damian"]
[Result "1-0"]
[WhiteTitle "m"]
[BlackTitle "CM"]
[WhiteElo "2275"]
[BlackElo "2140"]

1. d4 Nf6 2. c4 e6 3. Nf3 Bb4+ 4. Bd2 Qe7 5. g3 Nc6 6. Bg2 Bxd2+ 7. Nbxd2 d5 8.
O-O O-O 9. Qc2 Bd7 10. Rac1 Rad8 11. Rfd1 Bc8 12. e3 e5 13. dxe5 Nxe5 14. Nxe5
Qxe5 15. cxd5 Bg4 16. Bf3 Bxf3 17. Nxf3 Qh5 18. Kg2 Nxd5 19. Qb3 b6 20. Rd2 Rd6
21. e4 Nf6 22. Rxc7 Rxd2 23. Nxd2 Qe2 24. Qc2 Ng4 25. Nf1 Qa6 26. h3 Ne5 27. a3
Nd3 28. Kh2 g6 29. Ne3 Nc5 30. Nd5 Qf1 31. Ne3 Qe1 32. b4 Ne6 33. Re7 Qa1 34.
Rxa7 Rd8 35. Kg2 Qe1 36. Qc6 h5 37. Ra8 Rxa8 38. Qxa8+ Kg7 39. Qd5 h4 40. Qe5+
Kg8 41. gxh4 Qd2 42. Nd5 Nd4 43. h5 Qd1 44. Qf6 Qd3 45. Ne7+ Kf8 46. Nxg6+ Kg8
47. Qh8# 1-0

[Event "Druzynowe Mistrzostwa Polski - II liga"]
[Site "Dom Wczasowy VIS Jastrzebia Gora"]
[Date "1899-12-30"]
[Round "4.97"]
[White "Papka, Sebastian"]
[Black "Daniel, Damian"]
[Result "1/2-1/2"]
[WhiteTitle "k"]
[BlackTitle "CM"]
[WhiteElo "2101"]
[BlackElo "2163"]

1. d4 Nf6 2. c4 e6 3. Nf3 d5 4. Nc3 Bb4 5. cxd5 exd5 6. Bg5 Qd6 7. Bxf6 Qxf6 8.
Qb3 Qb6 9. e3 c6 10. Bd3 Nd7 11. O-O Bd6 12. Qc2 Nf6 13. Rab1 O-O 14. h3 Bd7 15.
b4 Rae8 16. b5 Qd8 17. bxc6 bxc6 18. e4 dxe4 19. Nxe4 Nxe4 20. Bxe4 Qf6 21. Bxh7+
Kh8 22. Be4 Qh6 23. Bf5 Bxf5 24. Qxf5 Re6 25. Rfe1 Rg6 26. Re4 Rf6 27. Qg5 Qxg5
28. Nxg5 Kg8 29. Rb7 Rf5 30. h4 Rb5 31. Rxb5 cxb5 32. Re2 Rc8 33. g3 a5 34. Ne4
Ba3 35. g4 a4 36. Re3 Rc1+ 37. Kg2 Bf8 38. Nc3 Rc2 39. Nxb5 Rxa2 40. Nc3 Rd2 41.
Nxa4 1/2-1/2

[Event "Druzynowe Mistrzostwa Polski - II liga"]
[Site "Dom Wczasowy VIS Jastrzebia Gora"]
[Date "1899-12-30"]
[Round "4.98"]
[White "Stankiewicz, Pawel"]
[Black "Drozdowski, Konrad"]
[Result "1/2-1/2"]
[WhiteTitle "k"]
[BlackTitle "k"]
[WhiteElo "2101"]
[BlackElo "2088"]

1. e4 c5 2. Nf3 e6 3. d3 Nc6 4. g3 g6 5. Bg2 Bg7 6. O-O Nge7 7. Re1 d6 8. Nbd2
O-O 9. c3 e5 10. a4 h6 11. h4 1/2-1/2

[Event "Druzynowe Mistrzostwa Polski - II liga"]
[Site "Dom Wczasowy VIS Jastrzebia Gora"]
[Date "1899-12-30"]
[Round "4.100"]
[White "Reichel, Lukasz"]
[Black "Sivickis, Wiktoria"]
[Result "1-0"]
[WhiteTitle "I"]
[BlackTitle "I++"]
[WhiteElo "1887"]
[BlackElo "1723"]

1. e4 c5 2. Nf3 Nc6 3. d4 cxd4 4. Nxd4 Nf6 5. Nc3 e5 6. Ndb5 d6 7. Bg5 a6 8. Na3
b5 9. Bxf6 gxf6 10. Nd5 Bg7 11. c3 Ne7 12. g3 Bb7 13. Qg4 Kf8 14. Nxe7 Qxe7 15.
Bg2 h5 16. Qe2 f5 17. Rd1 Rd8 18. O-O f4 19. Nc2 h4 20. g4 h3 21. Bf3 d5 22. exd5
Rd6 23. Kh1 Qd8 24. Nb4 Bc8 25. Nc6 Qg5 26. Rg1 Rh4 27. Rde1 f6 28. Qe4 Bxg4 29.
Bxg4 Rxg4 30. Qb4 Rxg1+ 31. Rxg1 Qh5 32. Qxd6+ Kg8 33. Qe6+ Kh7 34. Qg4 1-0

[Event "Druzynowe Mistrzostwa Polski - II liga"]
[Site "Dom Wczasowy VIS Jastrzebia Gora"]
[Date "1899-12-30"]
[Round "4.108"]
[White "Stanisz, Patryk"]
[Black "Palosz, Andrzej"]
[Result "0-1"]
[WhiteTitle "CM"]
[BlackTitle "k"]
[WhiteElo "2199"]
[BlackElo "2023"]

1. d4 d5 2. c4 dxc4 3. Nf3 Nf6 4. e3 Bg4 5. Bxc4 e6 6. Nbd2 a6 7. h3 Bh5 8. g4
Bg6 9. Ne5 Nbd7 10. Nxg6 hxg6 11. Qf3 c6 12. a3 Qc7 13. g5 Nd5 14. e4 N5b6 15.
Ba2 c5 16. d5 Ne5 17. Qe2 c4 18. Kf1 O-O-O 19. f4 Nd3 20. Nxc4 Nxc1 21. Rxc1 Qxf4+
22. Kg2 Nxc4 23. Bxc4 Kb8 24. Rc3 Qxg5+ 25. Rg3 Qe5 26. Rd1 Bd6 27. Rdd3 Rh4 28.
Rb3 Rxe4 29. Qf1 Rc8 30. Qxf7 Rc7 31. Qe8+ Ka7 32. Bxa6 Rc2+ 33. Kg1 Re1+ 34.
Bf1 Rxf1+ 0-1

[Event "Druzynowe Mistrzostwa Polski - II liga"]
[Site "Dom Wczasowy VIS Jastrzebia Gora"]
[Date "1899-12-30"]
[Round "4.109"]
[White "Mlynarski, Kamil"]
[Black "Szmyd, Arkadiusz"]
[Result "1/2-1/2"]
[WhiteTitle "I++"]
[BlackTitle "k"]
[WhiteElo "1876"]
[BlackElo "2073"]

1. e4 Nf6 2. e5 Nd5 3. c4 Nb6 4. c5 Nd5 5. Nc3 e6 6. d4 d6 7. cxd6 cxd6 8. Nf3
Nc6 9. exd6 Bxd6 10. Bc4 Nxc3 11. bxc3 Qc7 12. Qd3 Bd7 13. Bd2 h6 14. O-O O-O
15. Bb3 Bf4 16. Bc2 g6 17. Rfe1 Rac8 18. Bxf4 Qxf4 19. Re4 Qc7 20. Rg4 Be8 21.
Rc1 Kg7 22. Re4 Ne7 23. Bb3 Bc6 24. Ree1 Bxf3 25. Qxf3 Rfd8 26. h4 h5 27. Qe4
b5 28. c4 bxc4 29. Rxc4 Qd6 30. Rec1 Rxc4 31. Rxc4 Nf5 32. Qe5+ Kg8 33. Qxd6 Rxd6
34. Rc8+ Kg7 35. d5 exd5 36. g3 Nd4 37. Bd1 Rc6 38. Rxc6 Nxc6 39. Bb3 Ne7 40.
Kf1 Kf6 41. Ke2 Ke5 42. Kd3 a5 43. Ba4 Nf5 44. Bd7 Nd6 45. f4+ Kf6 46. Kd4 Nf5+
47. Kxd5 Nxg3 48. a4 Nf5 49. Kc5 Nxh4 50. Kb5 Ng2 51. Kxa5 Nxf4 52. Kb6 Ke7 53.
Bc6 Ne6 54. a5 h4 55. Bg2 Kd6 56. Bh3 Nc7 57. Kb7 g5 58. Kb6 Nd5+ 59. Kb7 Nb4
60. Kb6 1/2-1/2

[Event "Druzynowe Mistrzostwa Polski - II liga"]
[Site "Dom Wczasowy VIS Jastrzebia Gora"]
[Date "1899-12-30"]
[Round "4.110"]
[White "Zawierucha, Aleksander"]
[Black "Pomagalski, Marcin"]
[Result "1/2-1/2"]
[WhiteTitle "k"]
[BlackTitle "I++"]
[WhiteElo "1946"]
[BlackElo "1884"]

1. d4 d5 2. c4 c6 3. Nf3 Nf6 4. Nc3 a6 5. a4 e6 6. Qb3 a5 7. e3 Na6 8. Be2 Be7
9. O-O O-O 10. Bd2 Nb4 11. Rac1 b6 12. Ne5 Bb7 13. cxd5 cxd5 14. f3 Nd7 15. Nb5
Nxe5 16. dxe5 Rc8 17. Rxc8 Qxc8 18. Rc1 Qb8 19. f4 Rc8 20. Rxc8+ Bxc8 21. Nd4
Bd7 22. Bb5 Bxb5 23. Nxb5 g6 24. Bxb4 Bxb4 25. Qc2 Bc5 26. Kf2 Qc8 27. Ke2 1/2-1/2

[Event "Druzynowe Mistrzostwa Polski - II liga"]
[Site "Dom Wczasowy VIS Jastrzebia Gora"]
[Date "1899-12-30"]
[Round "4.111"]
[White "Pazdzierz, Piotr"]
[Black "Boruta, Dawid"]
[Result "1/2-1/2"]
[WhiteTitle "I"]
[BlackTitle "I"]
[WhiteElo "1599"]
[BlackElo "1912"]

1. c4 c5 2. Nc3 Nc6 3. g3 g6 4. Bg2 Bg7 5. e3 Bxc3 6. bxc3 f5 7. Ne2 Nf6 8. O-O
O-O 9. d4 d6 10. dxc5 dxc5 11. Qxd8 Nxd8 12. Ba3 Be6 13. Bxc5 Bxc4 14. Rfe1 Re8
15. a4 Nd5 16. Ba3 e5 17. Rab1 Rc8 18. Bb4 b6 19. g4 Kf7 20. gxf5 gxf5 21. Ng3
1/2-1/2

[Event "Druzynowe Mistrzostwa Polski - II liga"]
[Site "Dom Wczasowy VIS Jastrzebia Gora"]
[Date "1899-12-30"]
[Round "4.112"]
[White "Ociepka, Tomasz"]
[Black "Skawinski, Szymon"]
[Result "1/2-1/2"]
[WhiteTitle "I+"]
[BlackTitle "I"]
[WhiteElo "1830"]
[BlackElo "1641"]

1. e4 e5 2. Nf3 Nc6 3. Bb5 a6 4. Ba4 Nf6 5. O-O Be7 6. Re1 b5 7. Bb3 O-O 8. a4
b4 9. d3 d6 10. a5 Be6 11. Bxe6 fxe6 12. Bg5 Nd7 13. Bxe7 Qxe7 14. Nbd2 d5 15.
Qe2 Qf6 16. Nf1 d4 17. Qd2 Rab8 18. b3 Ne7 19. Qg5 h6 20. Qg4 Qg6 21. Qh3 Rf4
22. Ng3 Rbf8 23. Kh1 Qg4 24. Qxg4 Rxg4 25. Kg1 Rgf4 26. Nf1 c5 27. N1d2 Nc6 28.
Nc4 g5 29. Rf1 Kf7 30. Ne1 Ke7 31. g3 R4f7 32. f3 1/2-1/2

[Event "Druzynowe Mistrzostwa Polski - II liga"]
[Site "Dom Wczasowy VIS Jastrzebia Gora"]
[Date "1899-12-30"]
[Round "4.113"]
[White "Anyz, Monika"]
[Black "Gonsior, Monika"]
[Result "1/2-1/2"]
[WhiteTitle "I++"]
[BlackTitle "m"]
[WhiteElo "1735"]
[BlackElo "1941"]

1. e4 e6 2. d4 b6 3. Nc3 Bb7 4. Nge2 Bb4 5. a3 Be7 6. Bf4 d5 7. exd5 exd5 8. Qd2
a6 9. O-O-O Bf6 10. Ng3 Ne7 11. Nh5 Nbc6 12. Nxf6+ gxf6 13. g3 Qd7 14. h4 O-O-O
15. Bh3 f5 16. Rhe1 f6 17. Qd3 Kb8 18. Re2 Bc8 19. Bg2 Rde8 20. Rde1 1/2-1/2

[Event "Druzynowe Mistrzostwa Polski - II liga"]
[Site "Dom Wczasowy VIS Jastrzebia Gora"]
[Date "1899-12-30"]
[Round "4.114"]
[White "Osinski, Emil"]
[Black "Krol, Rafal"]
[Result "0-1"]
[WhiteTitle "k"]
[BlackTitle "I++"]
[WhiteElo "2164"]
[BlackElo "2003"]

1. e4 c5 2. Nf3 Nf6 3. e5 Nd5 4. d4 cxd4 5. c3 Nc6 6. Bc4 Nb6 7. Bb3 d5 8. cxd4
Bg4 9. Nc3 e6 10. Be3 Be7 11. Rc1 Rc8 12. O-O O-O 13. Na4 f6 14. h3 Bxf3 15. Qxf3
Nxa4 16. Bxa4 fxe5 17. Qg4 Qd6 18. Bxc6 bxc6 19. dxe5 Qd7 20. Qa4 Rfd8 21. Bc5
Bxc5 22. Rxc5 Qc7 23. Qd4 Rf8 24. Rfc1 Rf5 25. Rxc6 Qxc6 26. Rxc6 Rxc6 27. Qxa7
Rf8 28. b4 Rd8 29. Qe7 Rcc8 30. b5 d4 31. b6 d3 32. b7 Rb8 33. Qxe6+ Kh8 34. Qb3
Rxb7 35. Qd1 d2 36. Kh2 Rc7 37. e6 Re7 0-1

[Event "Druzynowe Mistrzostwa Polski - II liga"]
[Site "Dom Wczasowy VIS Jastrzebia Gora"]
[Date "1899-12-30"]
[Round "4.116"]
[White "Walentukiewicz, Michal"]
[Black "Lizak, Sebastian"]
[Result "1/2-1/2"]
[WhiteTitle "CM"]
[BlackTitle "I"]
[WhiteElo "2097"]
[BlackElo "1907"]

1. e4 e5 2. Nf3 Nf6 3. Nc3 Nc6 4. d4 exd4 5. Nxd4 Nxd4 6. Qxd4 d6 7. Bg5 Be7 8.
O-O-O O-O 9. h4 Ng4 10. Bxe7 Qxe7 11. f3 Nf6 12. g4 Qe5 13. Qxe5 dxe5 14. g5 Nh5
15. Nd5 c6 16. Ne7+ Kh8 17. Nxc8 Raxc8 18. Rd7 Rb8 19. Bh3 Nf4 20. Bg4 h5 21.
gxh6 gxh6 22. h5 Kg7 23. Rhd1 Rfe8 24. c3 Ne6 1/2-1/2

[Event "Druzynowe Mistrzostwa Polski - II liga"]
[Site "Dom Wczasowy VIS Jastrzebia Gora"]
[Date "1899-12-30"]
[Round "4.117"]
[White "Kalkowski, Igor"]
[Black "Bienias, Piotr"]
[Result "1-0"]
[WhiteTitle "I++"]
[BlackTitle "I++"]
[WhiteElo "1893"]
[BlackElo "1957"]

1. e4 c6 2. Nf3 d5 3. exd5 cxd5 4. d4 Nf6 5. c3 a6 6. Bf4 Bg4 7. Qb3 Qc8 8. Nbd2
Bxf3 9. Nxf3 Nc6 10. Bd3 e6 11. O-O Be7 12. h3 O-O 13. a4 Na5 14. Qc2 b6 15. Ne5
Nc4 16. b3 Nd6 17. c4 Nf5 18. Bxf5 exf5 19. a5 dxc4 20. bxc4 b5 21. Rfc1 bxc4
22. Nxc4 Nd5 23. Be5 Rd8 24. Nb6 Qxc2 25. Rxc2 Ra7 26. Rac1 f6 27. Rc8 Kf7 28.
Rxd8 Bxd8 29. Nxd5 fxe5 30. dxe5 Bxa5 31. Rc6 Bd8 32. e6+ Ke8 33. Rc8 Rb7 34.
e7 Rxe7 35. Nxe7 Kxe7 36. Ra8 a5 37. Ra7+ Kf6 38. Kf1 h5 39. f4 h4 40. Ke2 Kg6
41. Kd3 Kh7 42. Rd7 Bb6 43. Rb7 Bd8 44. Kc4 a4 45. Kd5 Kh6 46. Ke6 Kg6 47. Ra7
Bb6 48. Ra6 Be3 49. Ke5+ Kh5 50. Kxf5 Bd4 51. Rxa4 Be3 52. Ke6 g6 53. Ra7 1-0

[Event "Druzynowe Mistrzostwa Polski - II liga"]
[Site "Dom Wczasowy VIS Jastrzebia Gora"]
[Date "1899-12-30"]
[Round "4.118"]
[White "Antoniewicz, Jakub"]
[Black "Kwasniewski, Pawel"]
[Result "1-0"]
[WhiteTitle "I"]
[BlackTitle "I"]
[WhiteElo "1928"]
[BlackElo "1632"]

1. e4 c5 2. c4 Nc6 3. Nc3 g6 4. g3 Bg7 5. Bg2 d6 6. Nge2 Nf6 7. O-O O-O 8. Rb1
Rb8 9. a3 a5 10. d3 e5 11. h3 Ne8 12. Nd5 Nc7 13. Nec3 Nxd5 14. Nxd5 Ne7 15. Nxe7+
Qxe7 16. b4 axb4 17. axb4 cxb4 18. Rxb4 Qc7 19. Qb3 Bd7 20. Be3 Bc6 21. f3 f6
22. f4 Rf7 23. Rf2 Bf8 24. Rb6 Ra8 25. Kh2 Be7 26. Bf3 g5 27. Ra2 Rxa2+ 28. Qxa2
Kg7 29. Bd1 Qd7 30. Qa7 Bd8 31. Rb4 Qc8 32. Qa2 Be7 33. Rb3 Rf8 34. Rb1 Qd7 35.
Qa7 Rd8 36. Bb6 Re8 37. Ra1 Qc8 38. Kg1 Qb8 39. Kf2 Kf7 40. Bh5+ Kf8 41. Bxe8
Qxe8 42. Qa8 Kf7 43. Qxe8+ Kxe8 44. Ra8+ Kf7 45. Bd8 1-0

[Event "Druzynowe Mistrzostwa Polski - II liga"]
[Site "Dom Wczasowy VIS Jastrzebia Gora"]
[Date "1899-12-30"]
[Round "4.119"]
[White "Juchniewicz-jasek, Joanna"]
[Black "Leczek, Weronika"]
[Result "0-1"]
[WhiteTitle "II"]
[BlackTitle "k"]
[WhiteElo "1281"]
[BlackElo "1900"]

1. d4 d5 2. c4 e6 3. Nf3 Nf6 4. Nc3 c6 5. e3 Bd6 6. c5 Be7 7. b4 O-O 8. Bd3 Nbd7
9. O-O b6 10. Qc2 h6 11. e4 dxe4 12. Nxe4 Bb7 13. Bf4 Nd5 14. Qd2 Nxf4 15. Qxf4
f5 16. Ng3 Nf6 17. Qe5 Bc8 18. Bc4 Nd5 19. Nh5 Bf6 20. Nxf6+ gxf6 21. Qg3+ Kh7
22. Bxd5 cxd5 23. a4 Rg8 24. Qf4 Rg4 25. Qd6 Qxd6 26. cxd6 Rg7 27. Rfc1 Rd7 28.
Rc7 Rxc7 29. dxc7 Bd7 30. b5 Rc8 31. Rc1 Kg7 32. Ne1 Kf7 33. Nd3 Ke7 34. Nb4 Kd6
35. Na6 e5 36. Rd1 Re8 37. Kf1 Bc8 38. Nb4 Bb7 39. dxe5+ fxe5 40. Ke1 Rc8 41.
Rc1 Rxc7 42. Rxc7 Kxc7 43. Kd2 Kd6 44. g3 Kc5 45. Nc2 d4 0-1